Cinema e il sacro (Il) (Record n. 93442)
[ formato base ]
| 000 -LEADER | |
|---|---|
| fixed length control field | 01725nam a2200289Ia 4500 |
| 001 - CONTROL NUMBER | |
| control field | F6696 |
| 003 - CONTROL NUMBER IDENTIFIER | |
| control field | IT-RoPAU |
| 008 - FIXED-LENGTH DATA ELEMENTS--GENERAL INFORMATION | |
| fixed length control field | 130308s9999 xx 000 0 und d |
| 040 ## - CATALOGING SOURCE | |
| Original cataloging agency | IT-RoPAU |
| 040 ## - CATALOGING SOURCE | |
| Transcribing agency | IT-RoPAU |
| 041 ## - LANGUAGE CODE | |
| Language code of text/sound track or separate title | ITALIANO |
| 100 ## - MAIN ENTRY--PERSONAL NAME | |
| Personal name | Cappabianca Alessandro |
| 100 ## - MAIN ENTRY--PERSONAL NAME | |
| Miscellaneous information | Codice Aut. SPICS: 8481 |
| 245 ## - TITLE STATEMENT | |
| Title | Cinema e il sacro (Il) |
| 245 ## - TITLE STATEMENT | |
| Remainder of title | Cinema e Il Sacro (Il) |
| 250 ## - EDITION STATEMENT | |
| Edition statement | 1a ed. |
| 260 ## - PUBLICATION, DISTRIBUTION, ETC. (IMPRINT) | |
| Place of publication, distribution, etc. | RECCO (GENOVA) |
| 260 ## - PUBLICATION, DISTRIBUTION, ETC. (IMPRINT) | |
| Name of publisher, distributor, etc. | Le Mani |
| 260 ## - PUBLICATION, DISTRIBUTION, ETC. (IMPRINT) | |
| Date of publication, distribution, etc. | 1998 [1° Ed.:1998 - Ed.Ling.Originale:1998] |
| 300 ## - PHYSICAL DESCRIPTION | |
| Extent | "176 p. (prefazione: no ; testo: 176 [pagine: 0-0])" |
| 500 ## - GENERAL NOTE | |
| General note | Creare Un'Immagine Ha Sempre, in un certo Modo, Qualcosa a che Fare col Sacro. nel Cinema Il Corpo della Star (Divo o Diva) è Già di per Se' un Corpo Smaterializzato, un Corpo Glorioso, reso Tale Dalle Piu' Sofisticate Tecniche di Fascinazione Pubblicitaria, e Trasformato in Oggetto di culto da parte di Milioni di Fans. che succede Allora Quando un Corpo Glorioso si misura con un Personaggio della Storia sacra (Cristo, Madonna, Santi...). Comeinteragiscono Corporeità e Trascendenza? Analisi di varie Risposte Date Dai Film di Grandi Registi. Storie Bibliche di Hollywood. Racconto della Genesi. Cristo di Dreyer. Cristo di Bresson. Giovanna D'Arco. Francesco di Rossellini e della Cavani. Cristo di Pasolini. Atti degli Apostoli di Rossellini. Messia di Rossellini. Agostino di Rossellini. Ultima tentazione di Cristo di Scorsese. Gesu' di Montreal di Denys Arcand. Teorema di Pasolini. Je vous Salue Marie di Godard. Vita e Morte della Giovanna di Rivette. e Tantealtre Citazioni. |
| 650 ## - SUBJECT ADDED ENTRY--TOPICAL TERM | |
| Topical term or geographic name as entry element | SAGGI SUL CINEMA |
| 650 ## - SUBJECT ADDED ENTRY--TOPICAL TERM | |
| Relator term | Codice materia Spics: 6811 |
| 942 ## - ADDED ENTRY ELEMENTS (KOHA) | |
| Koha item type | LIBRO |
| 957 ## - | |
| -- | 1 |
| 999 ## - SYSTEM CONTROL NUMBERS (KOHA) | |
| -- | 1 |
| Withdrawn status | Lost status | Damaged status | Not for loan | Home library | Current library | Date acquired | Total Checkouts | Full call number | Date last seen | Price effective from | Koha item type | Public note |
|---|---|---|---|---|---|---|---|---|---|---|---|---|
| Buone Condizioni | Not For Loan | SPICS-MEDIATECA | SPICS-MEDIATECA | 08/03/2013 | F6696 | 08/03/2013 | 08/03/2013 | LIBRO | Progressivo inserimento: 39790 / N. Volumi: 1 Copie: 1 / data import: 1 marzo 2013 - By Epidotti, Trombetti, Vaglietti. |